MARC

LEADER 00000nam0a2200000 4500
001 271036
005 20231101234410.0
035 |a (RuTPU)RU\TPU\book\294217 
090 |a 271036 
100 |a 20141003d1916 m y0rusy50 ca 
101 0 |a rus 
102 |a RU 
105 |a af j 000zy 
200 1 |a Гидравлические двигатели  |f В. Н. Пинегин 
210 |a Томск  |c Т-во "Печатня С. П. Яковлева"  |c Издание студенческого технического кружка при Томском технологическом институте императора Николая II  |d 1916 
215 |a 185 с.  |c черт. 
300 |a Литограф. изд. 
300 |a Текст в русской дореформенной орфографии 
316 |5 63413507: 36//429  |a В книге множественные карандашные пометы 
606 1 |a Гидравлические двигатели  |2 stltpush  |3 (RuTPU)RU\TPU\subj\6476  |9 34355 
610 1 |a коллекция ТПУ 
610 1 |a учебные пособия 
610 1 |a труды учёных ТПУ 
610 1 |a вода 
610 1 |a двигатели 
610 1 |a автоматическое регулирование 
610 1 |a водяные турбины 
610 1 |a лопатки 
610 1 |a турбины Пельтона 
610 1 |a радиальные турбины 
610 1 |a активные турбины 
610 1 |a осевые турбины 
610 1 |a расчеты 
610 1 |a конструкция 
610 1 |a всасывающие трубы 
610 1 |a построение 
610 1 |a осевое давление 
610 1 |a турбины Френсиса 
610 1 |a рабочее колесо 
610 1 |a направляющие аппараты 
610 1 |a напор 
610 1 |a потери 
675 |a 621.225(075.8)  |v 3 
700 1 |a Пинегин  |b В. Н.  |c русский ученый  |c профессор ТТИ  |f 1876-1931  |g Василий Николаевич  |2 stltpush  |3 (RuTPU)RU\TPU\pers\21847  |9 9186 
801 1 |a RU  |b 63413507  |c 20141003 
801 2 |a RU  |b 63413507  |c 20201204  |g RCR 
942 |c BK